Código de derecho canónico y legislación complementaria: texto latino y versión castellana con jurisprudencia y comentarios
Guardat en:
| Autors principals: | , , |
|---|---|
| Format: | Llibre |
| Idioma: | espanyol llatí |
| Publicat: |
Madrid
Católica
1957
|
| Edició: | 6a. ed |
| Col·lecció: | Biblioteca de Autores Cristianos
|
| Matèries: | |
| Etiquetes: |
Afegir etiqueta
Sense etiquetes, Sigues el primer a etiquetar aquest registre!
|
MARC
| LEADER | 00000nam a2200000 a 4500 | ||
|---|---|---|---|
| 001 | UCR3863 | ||
| 003 | CL-VaPUC | ||
| 008 | 980130e19570000SP |||||||||||||||||spa|d | ||
| 041 | 0 | 7 | |a spa |2 CL-VaPUC |
| 041 | 0 | 7 | |a lat |2 CL-VaPUC |
| 082 | 0 | 4 | |a 262.9 |b MIG |2 21 |
| 100 | |a Miguélez Domínguez, Lorenzo |e autor |9 494321 | ||
| 700 | 0 | |a Alonso Morán, Sabino |e author |9 403256 | |
| 700 | 0 | |a Cabreros de Anta, Marcelino |e author |9 403257 | |
| 245 | 1 | 0 | |a Código de derecho canónico y legislación complementaria: texto latino y versión castellana con jurisprudencia y comentarios |
| 250 | |a 6a. ed | ||
| 300 | |a 1102 p | ||
| 942 | |c BK | ||
| 945 | |d 19980130 00:00:00 |a aolguin | ||
| 260 | |a Madrid |b Católica |c 1957 | ||
| 650 | 7 | |a DERECHO CANONICO |2 CL-VaPUC |9 403258 | |
| 650 | 7 | |a CODIGO DE DERECHO CANONICO |2 CL-VaPUC |9 403253 | |
| 650 | 0 | |a Iglesia Católica |9 256114 | |
| 650 | 0 | |a Personas no religiosas |9 349308 | |
| 650 | 0 | |a Sacramentos |9 257270 | |
| 650 | 7 | |a LUGARES SAGRADOS |2 CL-VaPUC |9 403254 | |
| 650 | 7 | |a FESTIVIDADES RELIGIOSAS |2 CL-VaPUC |9 308432 | |
| 650 | 7 | |a CULTO |2 CL-VaPUC |9 314205 | |
| 650 | 0 | |a Juicios |9 327339 | |
| 650 | 7 | |a BEATIFICACION |2 CL-VaPUC |9 399374 | |
| 650 | 7 | |a CANONIZACION |2 CL-VaPUC |9 258734 | |
| 650 | 0 | |a Delitos |9 224143 | |
| 650 | 0 | |a Penas |9 255927 | |
| 583 | |a last modification |c 19980130 00:00:00 |k Rodrigo Vera | ||
| 490 | 0 | |a Biblioteca de Autores Cristianos | |
| 999 | |c 266882 |d 266880 | ||
| 952 | |0 0 |1 0 |4 0 |6 262_900000000000000_MIG_1957 |7 0 |8 DER_HDC |9 298902 |a BIBDER |b BIBDER |d 2019-11-20 |i 1944770 |o 262.9 MIG 1957 |p 1944770 |r 2023-01-25 |w 2019-11-20 |x Ubicación 4to Piso |y BK_X |z Estos recursos deben solicitarse con anticipación |k DER | ||
| 952 | |0 0 |1 0 |4 0 |6 262_900000000000000_MIG_1957 |7 0 |8 A |9 298903 |a BIBTEO |b BIBTEO |d 2019-11-20 |i 2095602 |o 262.9 MIG 1957 |p 2095602 |r 2025-01-17 |w 2019-11-20 |y BK |k ICR | ||